[Event "MCR mladeze, Kouty 2018 - D12"]
[Site "Kouty nad Desnou"]
[Date "2018.03.10"]
[Round "1"]
[White "Jandova, Zuzana"]
[Black "Vavrinkova, Marie"]
[Result "0-1"]
[WhiteElo "1029"]
[BlackElo "1165"]
[EventDate "2018.03.10"]

1. e4  e5  2. Nf3  Nf6
3. Nc3  Bb4  4. Nxe5
O-O  5. Bc4  d6
6. Nf3  Re8  7. O-O  Nxe4
8. Nxe4  Rxe4  9. d3
Re8  10. Bg5  Qd7
11. a3  Bc5  12. Bd2
d5  13. Bb3  c6
14. Bb4  Bxb4  15. axb4  Qc7
16. Ng5  h6  17. Nf3
Bg4  18. c3  Nd7
19. d4  a6  20. Qd3
Nf6  21. Rae1  Ne4
22. Bc2  Bxf3  23. gxf3
Ng5  24. h4  Nh3+
25. Kg2  Nf4+  26. Kg1
Nxd3  27. Bxd3  Qf4
28. Re2  Rxe2  29. Bxe2
Re8  30. Re1  Qd2
31. Kf1  g5  32. hxg5
hxg5  33. b3  Kg7
34. c4  Rh8  35. Kg2
Qxe1  36. Bd3  Qh1+
37. Kg3  Qg1#  0-1

[Event "MCR mladeze, Kouty 2018 - D12"]
[Site "Kouty nad Desnou"]
[Date "2018.03.10"]
[Round "1"]
[White "Havelkova, Beata"]
[Black "Jaresova, Vendula"]
[Result "1-0"]
[WhiteElo "1148"]
[BlackElo "1000"]
[EventDate "2018.03.10"]

1. e4  e5  2. Nf3  Nc6
3. Bb5  Nf6  4. O-O
Bc5  5. Qe2  d6
6. c3  Bg4  7. d3  Qe7
8. Be3  O-O-O  9. Nbd2
Rd7  10. Rac1  Rhd8
11. d4  a6  12. Ba4
exd4  13. cxd4  Bb4
14. d5  Na5  15. Bxd7+
Kxd7  16. Bg5  h6
17. a3  Bc5  18. Bxf6
gxf6  19. b4  Nb3
20. Nxb3  Bb6  21. Qd3
a5  22. bxa5  Bc5
23. Nxc5+  dxc5  24. Qb5+
c6  25. Qxb7+  Kd6
26. Qxc6#  1-0

[Event "MCR mladeze, Kouty 2018 - D12"]
[Site "Kouty nad Desnou"]
[Date "2018.03.10"]
[Round "1"]
[White "Klausova, Katerina"]
[Black "Markova, Karolina"]
[Result "0-1"]
[WhiteElo "1000"]
[BlackElo "1147"]
[EventDate "2018.03.10"]

1. e4  e5  2. Bc4  Nf6
3. Nf3  Nc6  4. Nc3
Bc5  5. d3  d6
6. Bd2  Bg4  7. h3  Bh5
8. g4  Bg6  9. Rg1
h6  10. h4  Qd7
11. h5  Bh7  12. g5  hxg5
13. Nxg5  Bg8  14. Nf3
Nxh5  15. Rh1  g6
16. Qe2  O-O-O  17. O-O-O
f6  18. Bb5  Be6
19. Rdg1  a6  20. Bc4
Bxc4  21. dxc4  Rdf8
22. Rxg6  Nf4  23. Qf1
Nxg6  24. Bh6  Rf7
25. Qh3  Qxh3  26. Rxh3
Rfh7  27. Kd2  Rxh6
28. Rh2  Rxh2  29. Nxh2
Rxh2  30. Nd5  Rxf2+
31. Kd3  Nb4+  32. Kc3
a5  33. a4  Bd4+
34. Kb3  Rxc2  35. Ka3
Rxb2  36. Ne7+  Nxe7
37. c5  Nc2#  0-1

[Event "MCR mladeze, Kouty 2018 - D12"]
[Site "Kouty nad Desnou"]
[Date "2018.03.10"]
[Round "1"]
[White "Hosova, Sandra"]
[Black "Mitasova, Klara"]
[Result "1-0"]
[WhiteElo "1142"]
[BlackElo "1000"]
[EventDate "2018.03.10"]

1. e4  e5  2. Nc3  Nf6
3. f4  d6  4. h3
Nbd7  5. Nf3  Be7
6. fxe5  dxe5  7. Bc4
Bc5  8. d3  O-O
9. Bg5  Nb6  10. Bd5  Qd6
11. Nb5  Bb4+  12. c3
Qc5  13. Bxf6  Qe3+
14. Qe2  Qc5  15. cxb4
Qxb4+  16. Nc3  Na4
17. Bxe5  Nxb2  18. Rb1
Bd7  19. Qxb2  Qxb2
20. Rxb2  c6  21. Bc4
b5  22. Bb3  b4
23. Ne2  Rac8  24. Ba4  Rb8
25. Bxb8  Rxb8  26. Ned4
c5  27. Bxd7  cxd4
28. Bc6  Rc8  29. Nxd4
Rd8  30. Rxb4  h6
31. Ke2  a5  32. Ra4
Rb8  33. Rxa5  Rb2+
34. Kf3  Rd2  35. Bb5
Rb2  36. a4  Rb4
37. Nc6  Rb2  38. Ra8+
Kh7  39. Bc4  Rb6
40. Rc8  Rb7  41. a5
f6  42. a6  Rb2
43. a7  g5  44. Rc7+  Kg6
45. Bf7+  Kg7  46. a8=Q
f5  47. Qa1  fxe4+
48. Kxe4  h5  49. Qxb2+
Kh6 50. Qh8# 1-0

[Event "MCR mladeze, Kouty 2018 - D12"]
[Site "Kouty nad Desnou"]
[Date "2018.03.10"]
[Round "1"]
[White "Movsisyan, Lusine"]
[Black "Sulcova, Tereza"]
[Result "0-1"]
[WhiteElo "1000"]
[BlackElo "1140"]
[EventDate "2018.03.10"]

1. e4  e6  2. Nf3  d5
3. Nc3  c5  4. Bb5+
Bd7  5. exd5  exd5
6. Qe2+  Be7  7. Nxd5
Nc6  8. O-O  Nh6
9. Re1  Nf5  10. Qc4
O-O  11. Qc3  Rc8
12. b3  Be6  13. Nxe7+
Qxe7  14. Bb2  Ncd4
15. Bd3  Nxf3+  16. Kf1
N5d4  17. Re3  Nxh2+
18. Kg1  Ng4  19. Re4
Qf6  20. f3  Ne5
21. Qa5  Nxd3  22. cxd3
Nxf3+  23. Kf1  Nxd2+
24. Ke1  Qxb2  25. Rd1
Nxe4  26. dxe4  Qxg2
27. Qxa7  Qg1+  28. Kd2
Rfd8+  29. Kc2  Qxd1+
30. Kb2  Qe2+  31. Ka3
Ra8  32. Qa4  Rxa4+
33. Kxa4  Ra8# 0-1

[Event "MCR mladeze, Kouty 2018 - D12"]
[Site "Kouty nad Desnou"]
[Date "2018.03.10"]
[Round "1"]
[White "Martinkova, Magdalena"]
[Black "Macova, Marketa"]
[Result "1-0"]
[WhiteElo "1112"]
[BlackElo "1000"]
[EventDate "2018.03.10"]

1. e4  e5  2. Nf3  Nc6
3. Bc4  Bc5  4. Nc3
d6  5. d3  Bg4
6. h3  Bh5  7. g4  Bg6
8. Be3  Bb4  9. Qd2
Nf6  10. O-O-O  Qd7
11. Nh4  Nd4  12. Nf5
Nxf5  13. exf5  Bxf5
14. gxf5  Qxf5  15. a3
Ba5  16. b4  Bb6
17. f4  Bxe3  18. Qxe3
O-O  19. fxe5  dxe5
20. Rdf1  Qg6  21. Rhg1
Qh5  22. Rxf6  Rae8
23. Rh6  Qf5  24. Ne4
Kh8  25. Qg3  Rg8
26. Bxf7  gxh6  27. Qxg8+
Rxg8  28. Rxg8#  1-0

[Event "MCR mladeze, Kouty 2018 - D12"]
[Site "Kouty nad Desnou"]
[Date "2018.03.11"]
[Round "2"]
[White "Vavrinkova, Marie"]
[Black "Voriskova, Anna"]
[Result "0-1"]
[WhiteElo "1165"]
[BlackElo "1521"]
[EventDate "2018.03.10"]

1. e4  c5  2. Nf3  d6
3. d4  cxd4  4. Nxd4
Nf6  5. Nc3  Nc6
6. Bb5  Bd7  7. O-O
e6  8. Bg5  Be7
9. Re1  O-O  10. Qd2  Qc7
11. Rad1  Rfd8  12. h3
Rac8  13. Re2  a6
14. Nxc6  Bxc6  15. Bd3
b5  16. a3  Qb7
17. Qe3  Nh5  18. Bxe7  Qxe7
19. e5  d5  20. Qb6
Nf4  21. Re3  d4
22. Re4  Qg5 0-1

[Event "MCR mladeze, Kouty 2018 - D12"]
[Site "Kouty nad Desnou"]
[Date "2018.03.11"]
[Round "2"]
[White "Pejrimovska, Viola Ruby"]
[Black "Havelkova, Beata"]
[Result "1-0"]
[WhiteElo "1444"]
[BlackElo "1148"]
[EventDate "2018.03.10"]

1. e4  e5  2. Nf3  Nc6
3. Nc3  Bb4  4. Bc4
Nf6  5. O-O  d6
6. Re1  Be6  7. Bxe6  fxe6
8. Ng5  h6  9. Nf3
O-O  10. d4  exd4
11. Nxd4  Nxd4  12. Qxd4
Bc5  13. Qc4  Nd5
14. Be3  Nxe3  15. Qxe6+
Kh8  16. fxe3  Rf6
17. Qh3  c6  18. e5
dxe5  19. Ne4  Bb6
20. Nxf6  Qxf6  21. Rf1
Qg5  22. Rf3  Rd8
23. Raf1  Bc5  24. a3
e4  25. Rf5  Qe7
26. Qg3  Bd6  27. Qg6
Bc5  28. Kh1  Bxe3
29. Rf7  1-0

[Event "MCR mladeze, Kouty 2018 - D12"]
[Site "Kouty nad Desnou"]
[Date "2018.03.11"]
[Round "2"]
[White "Markova, Karolina"]
[Black "Fizerova, Lucie"]
[Result "0-1"]
[WhiteElo "1147"]
[BlackElo "1367"]
[EventDate "2018.03.10"]

1. e4  c5  2. Nf3  d6
3. d4  cxd4  4. Nxd4
Nf6  5. Nc3  a6
6. Be3  Qc7  7. Qd2  e6
8. Be2  Be7  9. O-O
O-O  10. Rad1  Rd8
11. Rfe1  b5  12. a3
Bb7  13. Bf3  Nbd7
14. Qe2  Ne5  15. Bf4
Nxf3+  16. Nxf3  Qb6
17. Bg3  b4  18. axb4
Qxb4  19. Rb1  d5
20. exd5  Nxd5  21. Nxd5
Bxd5  22. c3  Qc5
23. Rec1  Bc4  24. Qe5
Qxe5  25. Bxe5  f6
26. Bd4  e5  27. Be3
Rab8  28. b4  Rd7
29. h3  Rdb7  30. Ra1
Rc8  31. Nd2  Bb5
32. Ne4  Rbc7  33. Nc5
Rc6  34. Bd2  Bxc5
35. bxc5  Rxc5  36. Ra3
h6  37. h4  Kf7
38. Be3  R5c6  39. g3  g5
40. hxg5  hxg5  41. f4
gxf4  42. gxf4  exf4
43. Bxf4  Rc4  44. Be3
Rg8+  45. Kf2  Rcg4
0-1

[Event "MCR mladeze, Kouty 2018 - D12"]
[Site "Kouty nad Desnou"]
[Date "2018.03.11"]
[Round "2"]
[White "Nagyova, Daniela"]
[Black "Hosova, Sandra"]
[Result "0-1"]
[WhiteElo "1313"]
[BlackElo "1142"]
[EventDate "2018.03.10"]

1. e4  c5  2. Nf3  Nc6
3. d4  cxd4  4. Nxd4
Nf6  5. Nc3  g6
6. Be3  Bg7  7. Qd2  O-O
8. Bh6  Nxd4  9. Bxg7
Nxc2+  10. Qxc2  Kxg7
11. e5  Ng4  12. Qe4
d6  13. exd6  Qxd6
14. h3  Nf6  15. Be2
Nxe4  16. Nxe4  Qb4+
0-1

[Event "MCR mladeze, Kouty 2018 - D12"]
[Site "Kouty nad Desnou"]
[Date "2018.03.11"]
[Round "2"]
[White "Sulcova, Tereza"]
[Black "Koci, Magda"]
[Result "1/2-1/2"]
[WhiteElo "1140"]
[BlackElo "1301"]
[EventDate "2018.03.10"]

1. d4  d5  2. Nf3  Nf6
3. e3  c6  4. Bd3
Bg4  5. Nbd2  a6
6. O-O  c5  7. c3
e6  8. e4  Be7
9. dxc5  Bxc5  10. Qa4+  b5
11. Bxb5+  Nbd7  12. Bxd7+
Qxd7  13. Qxd7+  Nxd7
14. exd5  O-O  15. dxe6
Bxe6  16. Ne4  Rfe8
17. Nxc5  Nxc5  18. Be3
Na4  19. b3  Nxc3
20. Bd2  Nb5  21. Rac1
Rac8  22. h3  Bd5
23. Rxc8  Rxc8  24. Ne5
f6  25. Ng4  Rc2
26. Rd1  Rxa2  27. b4
Bb3  28. Rb1  Rxd2
1/2-1/2

[Event "MCR mladeze, Kouty 2018 - D12"]
[Site "Kouty nad Desnou"]
[Date "2018.03.11"]
[Round "2"]
[White "Vankova, Marie"]
[Black "Martinkova, Magdalena"]
[Result "1-0"]
[WhiteElo "1291"]
[BlackElo "1112"]
[EventDate "2018.03.10"]

1. e4  e5  2. Nf3  Nc6
3. Nc3  Nf6  4. d4
exd4  5. Nxd4  Bb4
6. Nxc6  bxc6  7. Bd3
O-O  8. O-O  Bxc3
9. bxc3  Re8  10. Re1
d5  11. Bg5  Qd6
12. Bxf6  Qxf6  13. exd5
Bb7  14. Rb1  Qxc3
15. Re2  Reb8  16. Rb3
Qf6  17. Qe1  Qd6
18. Qb1  Qd8  19. Re4
c5  20. Rxb7  Rxb7
21. Qxb7  Qb8  22. Qxb8+
Rxb8  23. Kf1  Kf8
24. Ke2  Re8  25. Rxe8+
Kxe8  26. Bb5+  Ke7
27. Kd3  Kd6  28. Kc4
g5  29. g4  h6
30. h3  f6  31. f3  a6
32. Bxa6  c6  33. dxc6
Kxc6  34. Bb5+  Kd6
35. a4  Ke5  36. a5
Kf4  37. a6  Kxf3
38. a7  Kg3  39. a8=Q
Kxh3  40. Qf3+  Kh4
41. Qxf6  h5  42. gxh5
Kxh5  43. Kd3  g4
44. Ke3  c4  45. Kf4
1-0

[Event "MCR mladeze, Kouty 2018 - D12"]
[Site "Kouty nad Desnou"]
[Date "2018.03.11"]
[Round "2"]
[White "Trasakova, Adela"]
[Black "Stavova, Helena"]
[Result "1-0"]
[WhiteElo "1227"]
[BlackElo "1000"]
[EventDate "2018.03.10"]

1. d4  Nf6  2. Nf3  g6
3. Bf4  Bg7  4. Nbd2
O-O  5. e4  d6
6. Bc4  e6  7. O-O  Nbd7
8. c3  b6  9. Re1
Bb7  10. e5  Ne8
11. Qe2  d5  12. Bd3
c5  13. Bg5  Qc7
14. Be7  c4  15. Bc2
Nxe5  16. Bxf8  Nxf3+
17. Nxf3  Kxf8  18. Ne5
Nf6  19. Qf1  Re8
20. Re2  Kg8  21. Rae1
Bc6  22. Re3  Bd7
23. Rf3  Rf8  24. Re2
Qd8  25. Qc1  h6
26. Qf4  h5  27. Qg5
Be8  28. Ree3  Kh7
29. Rh3  Bh6  30. Rxh5
Rh8  31. Qxh6+  Kg8
32. Qxh8#  1-0

[Event "MCR mladeze, Kouty 2018 - D12"]
[Site "Kouty nad Desnou"]
[Date "2018.03.11"]
[Round "2"]
[White "Zelbova, Lada"]
[Black "Rolinkova, Adela"]
[Result "1/2-1/2"]
[WhiteElo "1131"]
[BlackElo "1209"]
[EventDate "2018.03.10"]

1. d4  Nf6  2. c4  e6
3. Nc3  g6  4. Bg5
Bg7  5. Nf3  O-O
6. e4  c5  7. e5
b6  8. Bxf6  Bxf6
9. exf6  Qxf6  10. d5
Bb7  11. Qd2  Re8
12. Be2  exd5  13. Nxd5
Bxd5 14. Qxd5  Qe7  15. Qd3
Nc6  16. Kd1  Rad8
17. Re1  Nb4  18. Qc3
d5  19. Bd3  Qd7
20. cxd5  Qxd5  21. Rxe8+
Rxe8  22. Kd2  Rd8
23. Ne1  a5  24. a3
Nxd3  25. Nxd3  c4
26. Rg1 1/2-1/2

[Event "MCR mladeze, Kouty 2018 - D12"]
[Site "Kouty nad Desnou"]
[Date "2018.03.11"]
[Round "2"]
[White "Stribna, Julie"]
[Black "Stastna, Alena"]
[Result "1/2-1/2"]
[WhiteElo "1061"]
[BlackElo "1067"]
[EventDate "2018.03.10"]

1. e4  c5  2. c3  d5
3. exd5  Qxd5  4. d4
cxd4  5. Nf3  Nc6
6. Be2  e5  7. O-O
Bg4  8. Re1  Nf6
9. Bg5  Be7  10. h3
Bh5  11. Qd3  Rd8
12. Rd1  Bg6  13. Qd2
Ne4  14. Qc1  Nxg5
15. Nxg5  h6  16. Nf3
Bh5  17. Na3  e4
18. Nxd4  Bxe2  19. Nxe2
Qxd1+  20. Qxd1  Rxd1+
21. Rxd1  Ne5  22. Rd4
f5  23. Nb5  Bc5
24. Rd5  Nd3  25. Rxf5
Bxf2+  26. Rxf2  Nxf2
27. Kxf2  Kd7  28. Ke3
a6  29. Nbd4  Rf8
30. Kxe4  Rf2  31. g4
Rh2  32. Nf4  g5
33. Nh5  Rxb2  34. Nf5
Re2+  35. Kd3  Rh2
36. Nxh6  Rxh3+  37. Ke4
Rxc3  38. Kf5  Rc5+
39. Kf6  b5  40. Nf7
Rc6+  41. Kxg5  Rc5+
42. Kg6  Rc6+  43. Nf6+
Ke7  44. g5  Kf8
45. Nh6  a5  46. Kh7
Rc7+  47. Kh8  Rg7
48. Ne4  a4  49. Nf5
Rf7  50. g6  b4
51. Nc5  Rxf5  52. g7+  Ke7
53. g8=Q  Rh5+  54. Kg7
Rg5+  55. Kh7  Rxg8
56. Kxg8  a3  57. Nb3
Kd6  58. Kf7  Kd5
59. Kf6  Kc4  60. Na5+
Kc3  61. Ke5  Kb2
62. Kd4  Kxa2  63. Kc4
Kb2  64. Nb3  a2
65. Kxb4  a1=Q 66. Nxa1  Kxa1
1/2-1/2

[Event "MCR mladeze, Kouty 2018 - D12"]
[Site "Kouty nad Desnou"]
[Date "2018.03.11"]
[Round "2"]
[White "Novakova, Barbora"]
[Black "Nespora, Tatana"]
[Result "1-0"]
[WhiteElo "1188"]
[BlackElo "1274"]
[EventDate "2018.03.10"]

1. e4  e5  2. f4  exf4
3. Nf3  h6  4. d4
g5  5. h4  Bg7
6. Nc3  d6  7. hxg5  hxg5
8. Rxh8  Bxh8  9. Nh2
Nc6  10. Bb5  Nge7
11. Qh5  Bxd4  12. Nf3
Bf6  13. Nxg5  Ng6
14. Bxf4  Qe7  15. Bd2
Bd7  16. Nd5  Qd8
17. O-O-O  Be5  18. Nxf7
Bg4  19. Qxg6  1-0

[Event "MCR mladeze, Kouty 2018 - D12"]
[Site "Kouty nad Desnou"]
[Date "2018.03.11"]
[Round "2"]
[White "Sehnoutkova, Laura"]
[Black "Szuscikova, Natalie"]
[Result "0-1"]
[WhiteElo "1079"]
[BlackElo "1181"]
[EventDate "2018.03.10"]

1. e4  c5  2. Nf3  Nc6
3. d4  cxd4  4. Nxd4
g6  5. Nc3  Bg7
6. Be3  Nf6  7. Be2  O-O
8. O-O  d5  9. exd5
Nxd5  10. Nxd5  Qxd5
11. c3  Rd8  12. h3
Nxd4  13. cxd4  Bxd4
14. Bxd4  Qxd4  15. Re1
Be6  16. Bg4  Qxb2
17. Qc1  Qxc1  18. Rexc1
Bxg4  19. hxg4  Rd7
20. Rc2  Rad8  21. f3
Rd1+  22. Rxd1  Rxd1+
23. Kh2  Rd7  24. Rc8+
Kg7  25. Kg3  Kf6
26. Rc5  Rd4  27. g5+
Ke6  28. f4  f6
29. Kg4  f5+  30. Kf3  Rd5
31. Rc3  Ra5  32. Re3+
Kf7  33. g4  fxg4+
34. Kxg4  Rxa2  35. f5
Rf2  36. fxg6+  hxg6
37. Rh3  Kg7  38. Rc3
Rb2  39. Kf4  Rb4+
40. Ke5  Kf7  41. Rf3+
Ke8  42. Ke6  Rb6+
43. Kd5  Rb5+  44. Ke6
Rxg5  45. Rf7  Kd8
46. Rf8+  Kc7  47. Rf7
Kb6  48. Rxe7  Rg1
49. Rd7  Re1+  50. Kf6
a5  51. Rd6+  Kb5
52. Rd2  Rb1  53. Kxg6
Kb4  54. Kf5  a4
55. Rd4+  Kb3  56. Rd3+
Kb2  57. Rd2+  Kc3
58. Ra2  Kb3  59. Rf2
Rc1  60. Rf3+  Rc3
61. Rf1  Kb2  62. Rf2+
Rc2  63. Rf4  a3
64. Rb4+  Kc3  65. Rxb7
Rb2  66. Rc7+  Kd2
67. Rd7+  Kc1  68. Rc7+
Rc2  69. Rb7  a2
70. Ra7  Kb1  71. Rb7+
Rb2  72. Rd7  a1=Q
73. Rd1+  Ka2  74. Rd7
Rf2+  75. Ke6  Qe1+
76. Kd6  Rd2+  77. Kc7
Rxd7+  78. Kxd7  Qe5
79. Kc6  Qd4  80. Kb5
Kb3  81. Ka5  Qc5+
82. Ka6  Kb4  83. Kb7
Kb5  84. Kb8  Kb6
85. Ka8  Qc8#  0-1

[Event "MCR mladeze, Kouty 2018 - D12"]
[Site "Kouty nad Desnou"]
[Date "2018.03.11"]
[Round "2"]
[White "Ticha, Sofie"]
[Black "Coufalova, Laura"]
[Result "1-0"]
[WhiteElo "1086"]
[BlackElo "1089"]
[EventDate "2018.03.10"]

1. e4  e5  2. Nf3  Nc6
3. d4  exd4  4. Bc4
Nf6  5. O-O  Bc5
6. Bg5  d6  7. c3
dxc3  8. Nxc3  Bg4
9. Re1  Ne5  10. Be2
O-O  11. Nxe5  Bxe2
12. Qxe2  dxe5  13. Rad1
Qe7  14. Nd5  Qe6
15. Nxc7  Qb6  16. Nxa8
Rxa8  17. Bxf6  Qxf6
18. Qf3  Qh4  19. Qg3
Qxg3  20. hxg3  Bd4
21. Rd2  Bc5  22. Red1
Be7  23. Rd7  Bf6
24. Rxb7  g5  25. Rdd7
Rf8  26. Rxa7  Bd8
27. Ra8  Bb6  28. Rxf8+
Kxf8  29. Kf1  Ke8
30. Rb7  Bd4  31. b4
h5  32. a4  f6
33. b5  Kd8  34. Rh7  Bc5
35. Rxh5  Kc7  36. Rh6
Kb6  37. Rxf6+  Ka5
38. Rf5  Kxa4  39. Rxe5
Kxb5  40. Rxg5  Kc6
41. Rf5  Kd6  42. Rf3
Ke5  43. g4  Kxe4
44. g5  Bd4  45. Rg3
Kf5  46. g6  Bg7
47. Ke2  Ke4  48. Rh3
Kf5  49. Kf3  Kxg6
50. Kg4  Bd4  51. f4
Bf6  52. Ra3  Be7
53. Ra6+  Bf6  54. f5+
Kg7  55. Kh5  Kf7
56. Ra7+  Kg8  57. Kg6
Be7  58. Rxe7  Kf8
59. Kf6  Kg8  60. Ra7
Kh8  61. Kg6  Kg8
62. Ra8#  1-0

[Event "MCR mladeze, Kouty 2018 - D12"]
[Site "Kouty nad Desnou"]
[Date "2018.03.11"]
[Round "2"]
[White "Jaresova, Vendula"]
[Black "Folkova, Marketa"]
[Result "0-1"]
[WhiteElo "1000"]
[BlackElo "1027"]
[EventDate "2018.03.10"]

1. e4  e5  2. Nc3  Nf6
3. Nf3  Nc6  4. Bc4
Bc5  5. d3  d6
6. Bg5  Bg4  7. h3  Bh5
8. O-O  O-O  9. Qd2
Bxf3  10. gxf3  h6
11. Bxf6 Qxf6 12. Rfe1  Qxf3
13. Nd1  Qxh3  14. Ne3  Nd4
15. Qe2  Nxe2+  16. Rxe2
Bxe3  17. fxe3  c6
18. Rg2  Rad8  19. Rh2
Qxe3+  20. Rf2  d5
21. exd5  cxd5  22. Bb5
Rd6  23. Kf1  f5
24. Re1  Qg3  25. Ree2
e4  26. d4  f4
27. c3  e3  28. Rg2  Qh3
29. c4  f3  30. Bd7
fxg2+  31. Ke1  Rf1# 0-1

[Event "MCR mladeze, Kouty 2018 - D12"]
[Site "Kouty nad Desnou"]
[Date "2018.03.11"]
[Round "2"]
[White "Spacilova, Klara"]
[Black "Jandova, Zuzana"]
[Result "1-0"]
[WhiteElo "1014"]
[BlackElo "1029"]
[EventDate "2018.03.10"]

1. e4  e5  2. Nf3  Nc6
3. Nc3  Nf6  4. Bb5
Bc5  5. Nxe5  Nxe5
6. d4  Bb6  7. dxe5
O-O  8. exf6  Qxf6
9. O-O  Qg6  10. Qf3
d6  11. h3  c6
12. Bd3  Be6  13. e5  f5
14. exd6  Rae8  15. Re1
Bd5  16. Be4  Bxe4
17. Nxe4  fxe4  18. Qb3+
Rf7  19. Bf4  Kf8
20. Qb4  Bd8  21. d7+
Be7  22. dxe8=Q+  Kxe8
23. Qxe4  Qf6  24. Bg3
Kf8  25. Qxh7  Ke8
26. Bh4  Qf4  27. Qh8+
Kd7  28. Rad1+  Kc7
29. Bg3  Rf8  30. Bxf4+
Bd6  31. Bxd6+  Kb6
32. Qxf8  a5  33. Bc5+
Kb5  34. Re5  b6
35. Ba3+  c5  36. Bxc5
bxc5  37. Qxc5+  Ka6
38. Qb5+  Ka7  39. Rd7+
Ka8 40. Qb7# 1-0

[Event "MCR mladeze, Kouty 2018 - D12"]
[Site "Kouty nad Desnou"]
[Date "2018.03.11"]
[Round "2"]
[White "Mitasova, Klara"]
[Black "Seda, Michaela"]
[Result "0-1"]
[WhiteElo "1000"]
[BlackElo "1250"]
[EventDate "2018.03.10"]

1. e4  e5  2. Bc4  Nc6
3. Nf3  Nf6  4. Ng5
d5  5. exd5  Na5
6. Bd3  Qxd5  7. Nc3
Qxg2  8. Be4  Nxe4
9. Rf1  Nxg5  10. d4
Bh3  11. Qe2  Nf3+
12. Kd1  Qxf1+  13. Qxf1
Bxf1  14. dxe5  O-O-O+
15. Bd2  Rxd2+  16. Kc1
Bb4  17. h4  Rhd8
18. e6  fxe6  19. a3
Bxc3  20. bxc3  Nc4
21. Kb1  R8d6 22. Ra2  Rd1#
0-1

[Event "MCR mladeze, Kouty 2018 - D12"]
[Site "Kouty nad Desnou"]
[Date "2018.03.11"]
[Round "2"]
[White "Glasbergerova, Lucie"]
[Black "Klausova, Katerina"]
[Result "1-0"]
[WhiteElo "1222"]
[BlackElo "1000"]
[EventDate "2018.03.10"]

1. e4  e5  2. Nf3  Nc6
3. Bc4  d6  4. d4
Bg4  5. h3  Bd7
6. Ng5  Qe7  7. Bxf7+  Kd8
8. Nc3  Nf6  9. Bd5
exd4  10. Bxc6  Bxc6
11. Qxd4  d5  12. O-O
Ke8  13. exd5  Rd8
14. Bf4  Rd7  15. Rfe1
Rg8  16. Rxe7+  Bxe7
17. Bxc7  Bd8  18. Re1+
Kf8  19. Qc5+  Be7
20. Qxa7  b6  21. dxc6
Rd6  22. Bxd6  Bxd6
23. Qf7# 1-0

[Event "MCR mladeze, Kouty 2018 - D12"]
[Site "Kouty nad Desnou"]
[Date "2018.03.11"]
[Round "2"]
[White "Macova, Marketa"]
[Black "Zemanova, Nikola"]
[Result "0-1"]
[WhiteElo "1000"]
[BlackElo "1173"]
[EventDate "2018.03.10"]

1. e4  e5  2. Bc4  Bc5
3. d3  Nf6  4. Bg5
d6  5. Nf3  c6
6. c3  Qb6  7. O-O  Bg4
8. b4  Bxb4  9. cxb4
Qxb4  10. a3  Qc5
11. Be3  Qa5  12. d4
O-O  13. Nbd2  Nbd7
14. Nb3  Qc7  15. Qe1
Nxe4  16. Nh4  Nef6
17. f3  exd4  18. Nxd4
d5  19. Bd3  Ne5
20. Bc2  c5  21. Nb5
Qb6  22. Rb1  Bh5
23. Nc3  Qc6  24. Qg3
Ng6  25. Nxg6  Bxg6
26. Bxg6  fxg6  27. Rfd1
d4  28. Bxd4  cxd4
29. Rxd4  Qxc3  30. Ra4
Qe3+  31. Kf1  Qd3+
32. Kf2  Qxb1  33. Rb4
Qc2+  34. Ke3  Nd5+
35. Kd4  Nxb4  36. axb4
Rad8+  37. Ke3  Rfe8+
38. Kf4  Qf5#  0-1

[Event "MCR mladeze, Kouty 2018 - D12"]
[Site "Kouty nad Desnou"]
[Date "2018.03.12"]
[Round "3"]
[White "Voriskova, Anna"]
[Black "Vankova, Marie"]
[Result "1/2-1/2"]
[WhiteElo "1521"]
[BlackElo "1291"]
[EventDate "2018.03.10"]

1. e4  e6  2. d4  d5
3. Nd2  c5  4. exd5
exd5  5. Ngf3  Nc6
6. Bb5  Bd6  7. dxc5
Bxc5  8. Nb3  Bd6
9. O-O  Nge7  10. Bg5
O-O  11. Bh4  Bg4
12. Bxc6  bxc6  13. Bg3
Nf5  14. Bxd6  Qxd6
15. h3  Bxf3  16. Qxf3
Qg6  17. Qd3  Rfe8
18. Rfe1  Re6  19. Nc5
Rf6  20. Re5  Qg5
21. g4  g6  22. Kh1
Qf4  23. Nd7  Rd6
24. gxf5  Rxd7  25. Rae1
Qxf2  26. Qc3  Rdd8
27. Qxc6  Qf3+ 1/2-1/2

[Event "MCR mladeze, Kouty 2018 - D12"]
[Site "Kouty nad Desnou"]
[Date "2018.03.12"]
[Round "3"]
[White "Hosova, Sandra"]
[Black "Pejrimovska, Viola Ruby"]
[Result "1-0"]
[WhiteElo "1142"]
[BlackElo "1444"]
[EventDate "2018.03.10"]

1. e4  c5  2. Nf3  e6
3. Nc3  a6  4. d4
cxd4  5. Nxd4  d6
6. Be3  Be7  7. Bd3
Nf6  8. O-O  O-O
9. f4  b5  10. a3
Bb7  11. Qf3  Nfd7
12. b4  Qc7  13. Nce2
Nc6  14. Qg3  Kh8
15. Qh3  Nxd4  16. Nxd4
Nb6  17. e5  g6
18. exd6  Bxd6  19. Bxg6  fxg6
20. Nxe6  Qc6  21. Nxf8
Rxf8  22. Rf2  Nc4
23. Bd4+  Kg8  24. Qe6+
Rf7  25. f5  Bc8
26. Qe2  Bxf5  27. c3
Qc7  28. g3  Ne5
29. Bxe5  Bxe5  30. Rc1
Re7  31. Qd2  Rd7
32. Qa2+  Kg7  33. Qb2
Bh3  34. Qc2  Qd6
35. Re2  Qb6+  36. Kh1
Qf6  37. Rf2  Qc6+
38. Kg1  Qb6  39. Qe2
Qd6  40. g4  Bf4
41. Re1  Qb6  42. Kh1
Be3  43. Rf3  Rd2
44. Qxe3  Bg2+  45. Kg1
Qxe3+  46. Rfxe3  Bd5
47. Rg3  Ra2  48. g5
Rxa3  49. Re7+  Kf8
50. Ra7  Ra1+  51. Kf2
Ra2+  52. Ke1  Ra1+
53. Kd2  Ra2+  54. Kc1
Rxh2  55. Rd3  Rh1+
56. Kb2  Rh2+  57. Kc1
Rh1+  58. Rd1  1-0

[Event "MCR mladeze, Kouty 2018 - D12"]
[Site "Kouty nad Desnou"]
[Date "2018.03.12"]
[Round "3"]
[White "Fizerova, Lucie"]
[Black "Trasakova, Adela"]
[Result "1-0"]
[WhiteElo "1367"]
[BlackElo "1227"]
[EventDate "2018.03.10"]

1. e4  c6  2. d4  d5
3. Nd2  dxe4  4. Nxe4
Nf6  5. Nxf6+  exf6
6. Nf3  Bd6  7. Be3
O-O  8. Qd2  Be6
9. h4  h5  10. Be2
Re8  11. Nh2  g6
12. g4  Qc7  13. gxh5
Bxh2  14. hxg6  fxg6
15. h5  Bf7  16. O-O-O
Nd7  17. hxg6  Bxg6
18. d5  Rad8  19. d6
Qxd6  20. Bc4+  Kh7
21. Qxd6  1-0

[Event "MCR mladeze, Kouty 2018 - D12"]
[Site "Kouty nad Desnou"]
[Date "2018.03.12"]
[Round "3"]
[White "Koci, Magda"]
[Black "Zelbova, Lada"]
[Result "1/2-1/2"]
[WhiteElo "1301"]
[BlackElo "1131"]
[EventDate "2018.03.10"]

1. e4  c5  2. Nf3  d6
3. Nc3  Nc6  4. Bc4
e6  5. O-O  Be7
6. d4  cxd4  7. Nxd4  Bd7
8. Be3  Nf6  9. f4
Qc7  10. Ndb5  Qb8
11. Qd2  a6  12. Nd4
Nxd4  13. Qxd4  b5
14. Bb3  Qb7  15. e5
Ng4  16. h3  Nxe3
17. Qxe3  d5  18. Rad1
1/2-1/2